000 00559nam a22002417a 4500
003 UA-OsUOA
001 26502
007 ta
008 20040604b un ||||| |||| 00| 0 ukr d
100 _aКарцев В.
090 _a537
_bК27
942 _cBK
040 _aUA-OsUOA
_brus
_cUA-OsUOA
_dUA-OsUOA
245 _aТрактат о притяжении
300 _a201 с.
955 _a0
041 _arus
080 _a537
260 _aМосква
_bСоветская Россия
_c1968
044 _aRU
650 7 _2UDC
999 _c312827
_d312827